Highest Paid Athletes - NHL - NBA - MLB - NFL - Statistics

General Stats
  • This quiz has been taken 196 times
  • The average score is 21 of 80
Answer Stats
Hint Answer % Correct
$50,677,999 Lebron James
80%
$45,000,000 Patrick Mahomes
75%
$70,000,000 Shohei Ohtani
65%
$53,838,416 Stephen Curry
61%
$43,005,667 Josh Allen
56%
$12,500,000 Connor McDavid
55%
$52,000,000 Lamar Jackson
55%
$43,031,940 Luka Doncic
53%
$55,224,526 Nikola Jokic
52%
$48,554,830 Kevin Durant
49%
$57,078,728 Jaylen Brown
46%
$40,000,000 Aaron Judge
45%
$45,640,084 Giannis Antetokounmpo
45%
$60,000,000 Dak Prescott
44%
$37,500,000 Aaron Rodgers
42%
$51,000,000 Jalen Hurts
42%
$13,250,000 Auston Matthews
41%
$31,000,000 Juan Soto
41%
$55,110,496 Devin Booker
39%
$46,100,000 Kyler Murray
37%
$12,600,000 Nathan MacKinnon
37%
$53,320,232 Joel Embiid
36%
$52,500,000 Justin Herbert
36%
$44,066,288 Damian Lillard
35%
$35,000,000 Justin Jefferson
34%
$49,835,267 Kawhi Leonard
33%
$43,031,940 Trae Young
33%
$48,924,624 Anthony Edwards
32%
$50,203,930 Bradley Beal
32%
$53,000,000 Jared Goff
32%
$55,110,496 Karl-Anthony Towns
32%
$35,541,667 Mike Trout
32%
$30,416,667 Mookie Betts
32%
$53,100,000 Tua Tagovailoa
30%
$48,798,677 Jimmy Butler
29%
$55,000,000 Jordan Love
29%
$40,000,000 Matthew Stafford
29%
$52,896,235 Paul George
28%
$45,000,000 Kirk Cousins
27%
$10,903,000 Mitchell Marner
27%
$55,000,000 Trevor Lawrence
27%
$11,642,857 Artemi Panarin
20%
$46,000,000 Deshaun Watson
20%
$34,100,000 Francisco Lindor
20%
$11,000,000 John Tavares
19%
$10,500,000 Carey Price
18%
$37,500,000 Derek Carr
18%
$48,924,624 Tyrese Haliburton
18%
$11,500,000 William Nylander
18%
$34,000,000 CeeDee Lamb
16%
$47,237,568 Pascal Siakam
15%
$36,000,000 Gerrit Cole
14%
$31,818,182 Manny Machado
14%
$10,000,000 Aleksander Barkov
13%
$11,600,000 Elias Pettersson
13%
$43,333,333 Justin Verlander
13%
$43,333,333 Max Scherzer
13%
$37,000,000 Jacob DeGrom
12%
$27,272,727 Trea Turner
12%
$32,500,000 Corey Seager
11%
$34,000,000 Nick Bosa
11%
$10,000,000 Sergei Bobrovsky
11%
$46,504,000 Domantas Sabonis
10%
$11,500,000 Erik Karlsson
10%
$9,750,000 Sebastian Aho
9%
$35,000,000v Anthony Rendon
8%
$10,000,000 Jack Eichel
8%
$10,500,000 Jonathan Huberdeau
8%
$9,850,000 Tyler Seguin
8%
$32,500,000 Nola Arenado
7%
$11,000,000 Rasmus Dahlin
7%
$32,500,000 Carlos Correa
6%
$11,250,000 David Pasternak
6%
$11,000,000 Drew Doughty
6%
$55,000,000 Joe Burow
6%
$31,350,000 Rafael Devers
6%
$31,000,000 Blake Snell
5%
$27,312,500 Tyler Glasnow
4%
$35,000,000 Stephen Strasburg
3%
$9,583,333 Zach Werenski
3%
No matching quizzes found
Score Distribution
Percent of People with Each Score
Percentile by Number Answered
Your Score History
You have not taken this quiz